| Tag |
First Indicator |
Second Indicator |
Subfields |
| LEADER |
00000nam a2200000 4500 |
| 001 |
in00004225421 |
| 005 |
20200806100130.0 |
| 006 |
m g d |
| 007 |
cr bn |||a|bb| |
| 008 |
910513s1630 enk o 00| | eng d |
| 035 |
|
|
|a (UnM)99842517
|
| 037 |
|
|
|a CL0036000025
|b ProQuest. 789 E. Eisenhower Parkway, Ann Arbor, MI 48108-3218
|
| 040 |
|
|
|a Cu-RivES
|c Cu-RivES
|d CStRLIN
|e dcrb
|d WaOLN
|
| 100 |
1 |
|
|a Alemán, Mateo,
|d 1547-1614?
|
| 240 |
1 |
0 |
|a Aventuras y vida de Guzmán de Alfarache.
|l English
|
| 245 |
0 |
4 |
|a The rogue: or, The life of Guzman de Alfarache. VVritten in Spanish by Matheo Aleman, servant to his Catholike Majestie, and borne in Sevill
|
| 246 |
2 |
|
|a De la vida del picaro Guzman de Alfarache.
|
| 246 |
2 |
|
|a Life of Guzman de Alfarache.
|
| 260 |
|
|
|a Oxford :
|b Printed by William Turner, for Robert Allot, and are to be sold in Pauls Church-yard [, London],
|c ann. Dom. 1630.
|
| 300 |
|
|
|a 1 online resource ([36], 267, [17], 357, [3] pages)
|
| 336 |
|
|
|a text
|b txt
|2 rdacontent
|
| 337 |
|
|
|a computer
|b c
|2 rdamedia
|
| 338 |
|
|
|a online resource
|b cr
|2 rdacarrier
|
| 500 |
|
|
|a A translation of: De la vida del picaro Guzman de Alfarache.
|
| 500 |
|
|
|a Translator's dedication signed: Don Diego Puede--Ser, id est James Mabbe.
|
| 500 |
|
|
|a The second part has separate dated title page and pagination; register is continuous.
|
| 500 |
|
|
|a Includes index.
|
| 500 |
|
|
|a The last leaf is blank.
|
| 500 |
|
|
|a Running title reads: The life of Guzman de Alfarache.
|
| 500 |
|
|
|a Reproduction of the original in Cambridge University Library.
|
| 510 |
4 |
|
|a STC (2nd edition)
|c 290.
|
| 510 |
3 |
|
|a Madan, I, pages 148.
|
| 533 |
|
|
|a Electronic reproduction.
|b Ann Arbor, Mich. :
|c UMI,
|d 1999-
|f (Early English books online)
|n Digital version of: (Early English books, 1475-1640 ; 906:11)
|7 s1999 miun s
|
| 700 |
1 |
|
|a Mabbe, James,
|d 1572-1642?
|
| 830 |
|
0 |
|a Early English books online.
|
| 856 |
4 |
0 |
|u http://proxy.library.tamu.edu/login?url=https://search.proquest.com/docview/2248608808
|z Connect to the full text of this electronic book
|t 0
|
| 999 |
f |
f |
|s 745430b1-0c73-3f93-876d-8e354b94e21b
|i 3a1920c9-484d-3e1d-84d9-a018780c96b2
|t 0
|
| 952 |
f |
f |
|a Texas A&M University
|b College Station
|c Electronic Resources
|d Available Online
|t 0
|h No information provided
|
| 998 |
f |
f |
|t 0
|l Available Online
|